| 000 | 00790nam a2200241Ia 4500 | ||
|---|---|---|---|
| 003 | OSt | ||
| 005 | 20220923225456.0 | ||
| 006 | a|||||r|||| 00| 0 | ||
| 007 | ta | ||
| 008 | 220922b |||||||| |||| 00| 0 san d | ||
| 024 | _a268,777 | ||
| 037 | _cTextual | ||
| 040 |
_aARTS _cARTS _bsan |
||
| 041 |
_2san _asan |
||
| 082 | _aQ22:224, 15M4 | ||
| 100 |
_aखेमराज श्रीकृष्णदासेन _9156988 |
||
| 245 | 0 | _aनारदीयमहापुराणम् | |
| 246 | _aNāradīyahināpurāṇam | ||
| 260 |
_aदिल्ली _b नाग पब्लिशर्स _c1984 |
||
| 650 | _aधर्म | ||
| 942 |
_hQ22:224, 15M4 _cTEXL _2CC |
||
| 999 |
_c378486 _d378486 |
||